00238nam a2200109Ia 4500100002400000250000600024654000800030245003700038260003300075300000800108546001200116 aStallings/ William  a4 aLAN aLocal Metropolitan Area Networks bMcmillan PubaNew yorkc1993 a550 aENGLISH